000 00413nam a2200169Ia 4500
008 210210b1959 xxu||||| |||| 00| 0 eng d
041 _aeng
082 _a828/446
100 _aMORRISON (S E)
245 _aChristopher Coloumbus Mariner
260 _aAnerila
_bThe New American Library
_c1959
650 _aMariner
650 _aColoumbus
650 _aChristopher
690 _aBiography
906 _a016291
999 _c135761
_d135761